ბათუმის შოთა რუსთაველის სახელმწიფო უნივერსიტეტის ბიბლიოთეკა

ქართული პროზა. წ.18.ვასილ ბარნოვი (ბიბ.ჩანაწერი № 43727)

000 -LEADER
fixed length control field 00828nam a2200205Ia 4500
001 - CONTROL NUMBER
control field 10468
003 - CONTROL NUMBER IDENTIFIER
control field GE_BSU
008 - FIXED-LENGTH DATA ELEMENTS--GENERAL INFORMATION
fixed length control field 181216s||||||||xx |||||||||||||| ||und||
040 ## - CATALOGING SOURCE
Transcribing agency GE_BSU
080 ## - UNIVERSAL DECIMAL CLASSIFICATION NUMBER
Universal Decimal Classification number 821.353.1–3+821.353.1-32
245 ## - TITLE STATEMENT
Title ქართული პროზა. წ.18.ვასილ ბარნოვი
245 ## - TITLE STATEMENT
Statement of responsibility, etc. შეადგინა რევაზ თვარაძემ.სარედ. კოლ.: გრ. აბაშიძე [და სხვ. რედ.ნუკრი აბესაძე,მხატვ.დ.დუნდუა
260 ## - PUBLICATION, DISTRIBUTION, ETC.
Place of publication, distribution, etc. თბილისი
260 ## - PUBLICATION, DISTRIBUTION, ETC.
Name of publisher, distributor, etc. საქართველო
260 ## - PUBLICATION, DISTRIBUTION, ETC.
Date of publication, distribution, etc. 1990
300 ## - PHYSICAL DESCRIPTION
Extent 639გვ.20სმ.
653 ## - INDEX TERM--UNCONTROLLED
Uncontrolled term ვასილ ბარნოვი
653 ## - INDEX TERM--UNCONTROLLED
Uncontrolled term ქართული პროზა.
942 ## - ADDED ENTRY ELEMENTS (KOHA)
Koha item type წიგნი
ეგზემპლარები
Withdrawn status Lost status Damaged status Not for loan Date acquired Barcode Date last seen Price effective from Koha item type
        2018-12-17 34222 2018-12-17 2018-12-17 წიგნი
        2018-12-17 34223 2018-12-17 2018-12-17 წიგნი